| 000 | 00550nam a2200181 4500 | ||
|---|---|---|---|
| 001 | 119936 | ||
| 003 | ES-MaACL | ||
| 005 | 20250426204814.0 | ||
| 007 | t| | ||
| 008 | 070214s1913 sp r ||||1| spa d | ||
| 100 | 1 |
_aPérez Roca, Arturo. _991114 |
|
| 245 | 1 | 0 |
_aMargarita _b: cuentos / _cArturo Pérez Roca ; proemio de Anatole France. |
| 260 |
_aMadrid : _bMartínez de Velasco y Cie, _c1913. |
||
| 300 |
_a124 p. ; _c18 cm. |
||
| 700 | 1 |
_aFrance, Anatole, _d1844-1924 _9240108 |
|
| 852 |
_aES-MaACL _jD-3164 |
||
| 999 |
_c119936 _d119936 |
||